000 00662nam a2200241Ia 4500
003 IT-RoPAU
008 120407s9999 xx 000 0 und d
040 _aIT-RoPAU
040 _cIT-RoPAU
041 _aita
100 _aAngelini Giuseppe
245 _aDisegno storico della teologia morale.
250 _aBologna
260 _aEDB
260 _c1972
300 _a230 p.
300 _c24 cm
490 _v1
600 _a"<<Corso di teologia morale>>. L. 2500 1. Teologia morale, Storia I- Valsecchi Ambrogio. 241 BNI 73-987"
700 _aAmbrogio Valsecchi
942 _cBK
999 _c29592
_d29592